000 01107cam a2200265 4500
001 J2925
008 090401t1994 xxu||||| |||| 00| 0 eng d
035 _a(Sirsi) u51978
041 _aeng
050 _a711.1
110 _aOxford Brookes University
_9281
245 _aIssues in environmental impact assessment: work from Oxford Brookes University`s MSc course in Environmental Assessment and Management.
260 _aOxford
_bOxford Brookes University
_c1994
300 _a73p. : ill. ; 30cm.
350 _a0
490 _aWorking Paper
_v144
520 _aPapers include:- The adequacy of visual impact assessments in environmental impact statements/MILLS, J. - Project design beyond environmental impact statements/FROST,R. - Monetary valuation of the environment/HARVEY, M. - Example of a cumulative impact assessment/ CANNIBAL, G.
650 _aCUMULATIVE IMPACT ASSESSMENT
650 _aENVIRONMENTAL IMPACT ASSESSMENTS
650 _aENVIRONMENTAL MANAGEMENT
690 _aENVIRONMENTAL AND LAND CONSULTANCY
700 _aTherivel, Riki
_xEditor
942 _n0
948 _c04/03/1997
999 _c92978
_d92978